[Event "Dortmund Sparkassen op-B"]
[Site "Dortmund"]
[Date "2010.07.20"]
[Round "4"]
[White "Schulz Rackoll, Rolf"]
[Black "Wastian, Jan"]
[Result "1-0"]
[WhiteElo "1841"]
[BlackElo "1610"]
[PlyCount "43"]
[EventDate "2010.07.17"]
[EventType "swiss"]
[EventRounds "9"]
[EventCountry "GER"]
[SourceTitle "EXT 2014"]
[Source "ChessBase"]
[SourceDate "2013.11.20"]
[SourceVersion "1"]
[SourceVersionDate "2013.11.20"]
[SourceQuality "1"]

1. d4 d5 2. c4 c6 3. Nf3 e6 4. cxd5 exd5 5. Nc3 Bf5 6. Bf4 Nd7 7. e3 Ngf6 8. Bd3 Bxd3 9. Qxd3 Be7 10. 0-0 0-0 11. a3 a5 12. a4 Nh5 13. Bg3 Nxg3 14. hxg3 f5 15. Nd2 Nf6 16. Qxf5 Ne4 17. Qe6+ Kh8 18. Ncxe4 dxe4 19. Qxe4 Rf6 20. Nf3 Qd6 21. Ng5 Rg6 22. Nf7+ 1-0